| 000 | 00421nab a2200145Ia 4500 | ||
|---|---|---|---|
| 003 | ES-SlBCS | ||
| 005 | 20210601134034.0 | ||
| 008 | 140529s1973 xxu||||| |||| 00| 0 por d | ||
| 041 | _apor | ||
| 100 | 1 |
_aCosta Martins, Adelino da _9212776 |
|
| 245 | 0 | 0 |
_aO caos da linguagem total _c Adelino da Costa Martins |
| 650 | 0 | 4 |
_aLenguaje _91761 |
| 773 | 0 |
_tVeritas _gvol. 18, nº. 72, 1973, págs. 295-299 _wRev488 |
|
| 942 | _cAR | ||
| 999 |
_c606081 _d606081 |
||